000 00526nam a2200145 a 4500
090 _aIAVH
_b00239
041 _aspa
100 _aVilla Lopera, Antonio
_992312
110 _bInstituto de Investigación de Recursos Biológicos Alexander von Humboldt
_9204
245 _aInforme final proyecto: "Conservación y uso sostenible de la biodiversidad en los Andes Colombianos"
_bcomponente socioeconómico
260 _aBogotá
_bInstituto Alexander von Humboldt
_c1999
300 _a50 p.
942 _cIMPRESO
945 _d2003-11-13
999 _c3514
_d3514